000 00544nam a2200205Ia 4500
003 OSt
005 20220916110920.0
006 a|||||r|||| 00| 0
007 ta
008 220915b |||||||| |||| 00| 0 hin d
024 _a246558
037 _cTextbook
040 _bhin
_aARTS
_cARTS
041 _ahin
082 _aX.2
245 0 _aभारतीय अर्थव्यवस्था में तीव्र प्रगति
246 _aSamaya kī āvāज़
942 _hX.2
_cTB
_2CC
999 _c101268
_d101268